00234nam a2200097Ia 4500008004100000100002900041245003300070260000900103942000700112999001700119190216s9999||||xx |||||||||||||| ||und|| aBalachandran Vadakkedath 0aVakinde Soundarya Shashthram bNull cBK c26392d26392